the study on livelihood of members in the fisheries community in chulkiri district, kampong chhnang province (ការសិក្សាអំពីកំរិតជីវភាពរបស់សមាជិកក្នុងសហគមន៍នេសាទនៅស្រុកជលគីរី ខេត្តកំពង់ឆ្នាំង) (Record no. 4553)
[ view plain ]
| 000 -LEADER | |
|---|---|
| fixed length control field | 00717nam a22001577a 4500 |
| 003 - CONTROL NUMBER IDENTIFIER | |
| control field | OSt |
| 005 - DATE AND TIME OF LATEST TRANSACTION | |
| control field | 20151216101131.0 |
| 008 - FIXED-LENGTH DATA ELEMENTS--GENERAL INFORMATION | |
| fixed length control field | 151216b xxu||||| |||| 00| 0 eng d |
| 040 ## - CATALOGING SOURCE | |
| Transcribing agency | RUA |
| 082 ## - DEWEY DECIMAL CLASSIFICATION NUMBER | |
| Classification number | AED SOK 2007 B226 Or.1 |
| 100 ## - MAIN ENTRY--PERSONAL NAME | |
| 9 (RLIN) | 4900 |
| Personal name | SOKHA, SANTEPHEAP. |
| 245 ## - TITLE STATEMENT | |
| Title | the study on livelihood of members in the fisheries community in chulkiri district, kampong chhnang province (ការសិក្សាអំពីកំរិតជីវភាពរបស់សមាជិកក្នុងសហគមន៍នេសាទនៅស្រុកជលគីរី ខេត្តកំពង់ឆ្នាំង) |
| 260 ## - PUBLICATION, DISTRIBUTION, ETC. (IMPRINT) | |
| Place of publication, distribution, etc. | Phnom Penh |
| Name of publisher, distributor, etc. | RUA |
| Date of publication, distribution, etc. | 2007 |
| 300 ## - PHYSICAL DESCRIPTION | |
| Extent | x, 51p. |
| Other physical details | ill. |
| Dimensions | 29cm. |
| 942 ## - ADDED ENTRY ELEMENTS (KOHA) | |
| Source of classification or shelving scheme | |
| Koha item type | AED |
| Price effective from | Date last seen | Permanent Location | Not for loan | Date acquired | Source of classification or shelving scheme | Koha item type | Lost status | Withdrawn status | Date last checked out | Total Checkouts | Shelving location | Damaged status | Barcode | Current Location | Full call number |
|---|---|---|---|---|---|---|---|---|---|---|---|---|---|---|---|
| 2015-12-16 | 2020-01-29 | Library Block B | 2015-12-16 | AED | 2019-12-11 | 5 | B226 | RUA030882 | Library Block B | AED SOK 2007 B226 Or.1 | |||||
| 2015-12-16 | 2015-12-16 | Library Block B | 2015-12-16 | AED | B226 | RUA030942 | Library Block B | AED SOK 2007 B226 Or.2 | |||||||
| 2015-12-16 | 2015-12-16 | Library Block B | 2015-12-16 | AED | B226 | RUA030973 | Library Block B | AED SOK 2007 B226 Or.3 | |||||||
| 2015-12-16 | 2015-12-16 | Library Block B | 2015-12-16 | AED | B226 | RUA030877 | Library Block B | AED SOK 2007 B226 Or.4 | |||||||
| 2015-12-16 | 2015-12-16 | Library Block B | 2015-12-16 | AED | B226 | RUA030473 | Library Block B | AED SOK 2007 B226 Or.5 | |||||||
| 2015-12-16 | 2015-12-16 | Library Block B | 2015-12-16 | AED | B226 | RUA030881 | Library Block B | AED SOK 2007 B226 Or.6 |